Sports Quiz

Random Sports Quiz

Australian Racecourses Quiz Stats

 Plays Quiz not verified by Sporcle

Challenge
Share
Tweet
Embed
Score 0/161 Timer 20:00
0 Plays Today
% Correct
Flemington
79.3%
Randwick
69%
Caulfield
65.5%
Ascot
65.5%
Moonee Valley
62.1%
Sandown
51.7%
Eagle Farm
48.3%
Geelong
44.8%
Gold Coast
44.8%
Darwin
41.4%
Rosehill
37.9%
Canberra
37.9%
Newcastle
34.5%
Ballarat
31%
Bendigo
31%
Warwick
31%
Cairns
31%
Alice Springs
31%
Warwick Farm
24.1%
Sunshine Coast
24.1%
Toowoomba
24.1%
Albury
24.1%
Canterbury
20.7%
Townsville
20.7%
Wagga
20.7%
Hobart
20.7%
Belmont
17.2%
Moe
17.2%
Ipswich
17.2%
Hawkesbury
17.2%
Queanbeyan
17.2%
Kalgoorlie
17.2%
Launceston
17.2%
Cranbourne
13.8%
Mornington
13.8%
Sale
13.8%
Swan Hill
13.8%
Mount Isa
13.8%
Rockhampton
13.8%
Ballina
13.8%
Bathurst
13.8%
Coffs Harbour
13.8%
Goulburn
13.8%
Scone
13.8%
Gawler
13.8%
Kensington
10.3%
Doomban
10.3%
Benalla
10.3%
Colac
10.3%
Mildura
10.3%
Pakenham
10.3%
Seymour
10.3%
Warrnambool
10.3%
Wodonga
10.3%
% Correct
Beaudesert
10.3%
Dalby
10.3%
Nowra
10.3%
Orange
10.3%
Port Macquarie
10.3%
Sapphire Coast
10.3%
Wyong
10.3%
Mount Gambier
10.3%
Oakbank
10.3%
Port Lincoln
10.3%
Albany
10.3%
Northam
10.3%
Pinjarra
10.3%
York
10.3%
Devonport
10.3%
Ararat
6.9%
Casterton
6.9%
Donald
6.9%
Echuca
6.9%
Hamilton
6.9%
Horsham
6.9%
Kilmore
6.9%
Stony Creek
6.9%
Traralgon
6.9%
Wangaratta
6.9%
Kilcoy
6.9%
Mackay
6.9%
Roma
6.9%
Braidwood
6.9%
Cessnock
6.9%
Dubbo
6.9%
Grafton
6.9%
Gundagai
6.9%
Kembla Grange
6.9%
Lismore
6.9%
Moree
6.9%
Mudgee
6.9%
Murwillumbah
6.9%
Muswellbrook
6.9%
Tamworth
6.9%
Taree
6.9%
Wellington
6.9%
Murray Bridge
6.9%
Port Augusta
6.9%
Strathalbyn
6.9%
Bunbury
6.9%
Morphetteville
3.4%
Bairnsdale
3.4%
Coleraine
3.4%
Hanging Rock
3.4%
Murtoa
3.4%
Stawell
3.4%
Terang
3.4%
Warracknabeal
3.4%
% Correct
Werribee
3.4%
Emerald
3.4%
Yeppoon
3.4%
Armidale
3.4%
Casino
3.4%
Coonabarabran
3.4%
Coonamble
3.4%
Cootamundra
3.4%
Forbes
3.4%
Griffith
3.4%
Moruya
3.4%
Quirindi
3.4%
Warren
3.4%
Young
3.4%
Balaklava
3.4%
Clare
3.4%
Geraldton
3.4%
Narrogin
3.4%
King Island
3.4%
Longford
3.4%
Camperdown
0%
Dunkeld
0%
Kyneton Park
0%
Mortlake
0%
Tatura
0%
Yarra Vallety
0%
Avoca
0%
Gratton
0%
Berrigan
0%
Bowraville
0%
Corowa
0%
Cowra
0%
Fern Hill
0%
Gilgandra
0%
Gosfrod
0%
Gunnedah
0%
Inverell
0%
Kempsey
0%
Krambach
0%
Leeton
0%
Narrandera
0%
Narromine
0%
Parkes
0%
Tuncurry
0%
Walcha
0%
Bordertown
0%
Halidon
0%
Naracoote
0%
Penola
0%
Esprence
0%
Mount Barker
0%
Tennant Creek
0%
Katherine
0%

You're not logged in!

Compare scores with friends on all Sporcle quizzes.
Join for Free
OR
Log In

You Might Also Like...

Show Comments

Extras

Top Quizzes Today


Score Distribution

Your Account Isn't Verified!

In order to create a playlist on Sporcle, you need to verify the email address you used during registration. Go to your Sporcle Settings to finish the process.

Report this User

Report this user for behavior that violates our Community Guidelines.

Details: